[Event "Najdorf Mem Open A 2016"]
[Site "Warsaw POL"]
[Date "2016.07.13"]
[Round "6.27"]
[White "Socko, Monika"]
[Black "Bednarek, Sylwester"]
[Result "1/2-1/2"]
[WhiteTitle "GM"]
[BlackTitle "FM"]
[WhiteElo "2462"]
[BlackElo "2340"]
[WhiteFideId "1106619"]
[BlackFideId "1101811"]
[EventDate "2016.07.08"]

1. e4 c5 2. Nf3 Nc6 3. Bb5 e5 4. O-O Bd6 5. c3 Nge7 6. Na3 O-O 7. Re1 Bc7 8. d4
cxd4 9. cxd4 exd4 10. Nxd4 d5 11. Nxc6 bxc6 12. Bd3 Ng6 13. exd5 cxd5 14. Nb5
Ba5 15. Bd2 Ba6 16. b4 Bb6 17. Qf3 Qf6 18. Qxf6 gxf6 19. a4 Ne5 20. Bf5 Rfd8 21.
Ra3 Bxb5 22. axb5 Nc4 23. Rg3+ Kh8 24. Re7 Nd6 25. Bd3 Re8 26. Rd7 Rad8 27. Rxd8
Rxd8 28. Bh6 Rg8 29. Rf3 Re8 30. Rxf6 Re1+ 31. Bf1 Re6 32. Rxe6 fxe6 33. Bd3 e5
34. Kf1 Kg8 35. f3 e4 36. Bf4 Bc7 37. fxe4 dxe4 38. Bxe4 Nxb5 39. Bxc7 Nxc7 40.
Ke2 h6 41. Kd3 Kf7 42. Kc4 Ke7 43. Kc5 Na6+ 44. Kb5 Nb8 45. Bb7 Kd6 46. h4 Kc7
47. Be4 Kd6 48. Bf3 Ke5 49. Bb7 Kd4 50. Bc8 Kd5 51. g4 Kd6 52. Bb7 Nd7 53. Ka6
Ne5 54. Bc8 Nc6 55. b5 Nd4 56. g5 hxg5 57. hxg5 Ke7 58. Bb7 Ke6 59. Be4 Ke5 60.
Bd3 Ke6 61. Ka5 Ke5 62. Kb4 Ne6 63. g6 Kf6 64. Bc4 Nd4 65. Bd3 Ne6 66. Kc4 Nf4
67. Bf5 Ne2 68. Kd3 Nf4+ 69. Ke4 Ne2 70. Kd5 Kg7 71. Bd3 Nf4+ 72. Kc4 Kf6 73.
Bf5 Nh5 74. Bb1 Nf4 75. Kc5 Ne6+ 76. Kd5 Nc7+ 77. Kc6 Ne6 78. Bd3 Nd4+ 79. Kc5
Ne6+ 80. Kc4 Ke5 81. Bb1 Kf6 82. Be4 Nf4 83. Bf5 Nh5 84. Bd7 Ng7 85. Kd5 Kxg6
86. Kc6 Kf6 87. Kb7 Ke7 88. Bh3 Ne8 89. Kxa7 Nd6 90. b6 Nc4 91. b7 Na5 92. b8=N
Kd6 93. Kb6 Nc4+ 94. Kb5 Ne5 95. Bg2 Nd7 96. Nc6 Ne5 97. Nd4 Nd3 98. Be4 Ke5 99.
Bxd3 Kxd4 1/2-1/2

[Event "Najdorf Mem Open A 2016"]
[Site "Warsaw POL"]
[Date "2016.07.13"]
[Round "6.28"]
[White "Lysyj, Igor"]
[Black "Percivaldi, Martin"]
[Result "1-0"]
[WhiteTitle "GM"]
[BlackTitle "FM"]
[WhiteElo "2663"]
[BlackElo "2347"]
[WhiteFideId "4150120"]
[BlackFideId "1508148"]
[EventDate "2016.07.08"]

1. d4 d5 2. c4 c6 3. Nf3 Nf6 4. e3 Bf5 5. Nc3 e6 6. Nh4 Bg6 7. Nxg6 hxg6 8. g3
Nbd7 9. cxd5 cxd5 10. Bg2 Bd6 11. O-O O-O 12. Qd3 Qe7 13. Bd2 a6 14. Rfc1 Rfd8
15. Rc2 Rac8 16. Rac1 Nb6 17. Be1 Rc7 18. a4 Rdc8 19. a5 Nbd7 20. Na2 Rxc2 21.
Rxc2 Rxc2 22. Qxc2 Qd8 23. Qa4 Qc8 24. Bf1 Nb8 25. b4 Nc6 26. b5 axb5 27. Bxb5
Na7 28. Bd3 Qc6 29. Qb3 Qc7 30. Kf1 g5 31. Nc3 g6 32. e4 dxe4 33. Nxe4 Nxe4 34.
Bxe4 Nc6 35. Qb5 Nxd4 36. Qxb7 Qxb7 37. Bxb7 Bc5 38. h3 f6 39. a6 Kf7 40. Bd2
Ba7 41. Be3 e5 42. Bd5+ Kg7 43. g4 Kf8 44. Be4 Kf7 45. Ke1 f5 46. gxf5 gxf5 47.
Bxf5 Kf6 48. Be4 Bb8 49. Kd2 Ne6 50. a7 Bxa7 51. Bxa7 Nf4 52. Ke3 Nxh3 53. Kf3
Nf4 54. Kg4 Ne6 55. Be3 Ke7 56. Bxg5+ Kd6 57. Be3 1-0

[Event "Najdorf Mem Open A 2016"]
[Site "Warsaw POL"]
[Date "2016.07.13"]
[Round "6.30"]
[White "Ivanisevic, Ivan"]
[Black "Fakhrutdinov, Timur"]
[Result "1-0"]
[WhiteTitle "GM"]
[BlackTitle "FM"]
[WhiteElo "2656"]
[BlackElo "2350"]
[WhiteFideId "912417"]
[BlackFideId "24176702"]
[EventDate "2016.07.08"]

1. d4 Nf6 2. c4 e6 3. Nc3 Bb4 4. Qc2 d5 5. a3 Bxc3+ 6. Qxc3 Ne4 7. Qc2 c5 8.
dxc5 Nc6 9. Nf3 Qa5+ 10. Bd2 Qxc5 11. e3 Nxd2 12. Nxd2 dxc4 13. Bxc4 O-O 14. b4
Qe7 15. Bd3 g6 16. Qc3 f6 17. O-O Bd7 18. Be4 Rac8 19. Qb2 Rfd8 20. f4 Be8 21.
Nf3 Kg7 22. Rac1 a6 23. Rc2 Na7 24. Rxc8 Nxc8 25. Rc1 Nd6 26. Bb1 Rc8 27. Rxc8
Nxc8 28. e4 Bc6 29. Nd4 Qd6 30. Ba2 e5 31. Ne6+ Kh8 32. fxe5 Qxe5 33. Qxe5 fxe5
34. Bd5 Bxd5 35. exd5 Nd6 36. a4 Kg8 37. Kf2 Kf7 38. Ke3 Ke7 39. Nc5 Kd8 40. g4
Ke7 41. Kd3 Kd8 42. Ne4 Ne8 43. g5 Ke7 44. a5 Kf7 45. Kc4 Ke7 46. Kc5 Kd7 47. d6
Ke6 48. h3 Ng7 49. Kb6 Ne8 50. Kxb7 Nxd6+ 51. Nxd6 Kxd6 52. b5 e4 53. bxa6 e3
54. a7 e2 55. a8=Q e1=Q 56. Qd8+ Kc5 57. Qb6+ Kd5 58. Qc6+ Kd4 59. Qd6+ Kc3 60.
a6 Kb2 61. Qd4+ Ka2 62. Qd5+ Ka1 63. a7 Qe7+ 64. Ka6 Qe2+ 65. Ka5 Qe1+ 66. Kb5
Qe2+ 67. Kb4 Qe1+ 68. Kb5 Qe2+ 69. Kc5 Qe7+ 70. Kb6 Qe3+ 71. Qc5 Qe6+ 72. Kc7
Qf7+ 73. Kd8 Qg8+ 74. Ke7 Qg7+ 75. Ke6 Qg8+ 76. Kf6 Qd8+ 77. Qe7 1-0

[Event "Najdorf Mem Open A 2016"]
[Site "Warsaw POL"]
[Date "2016.07.13"]
[Round "6.31"]
[White "Dragun, Kamil"]
[Black "Eggink, Ryszard"]
[Result "1-0"]
[WhiteTitle "GM"]
[WhiteElo "2623"]
[BlackElo "2345"]
[WhiteFideId "1134167"]
[BlackFideId "1125869"]
[EventDate "2016.07.08"]

1. e4 c5 2. Nf3 e6 3. d4 cxd4 4. Nxd4 Nc6 5. Nc3 Qc7 6. f4 a6 7. Nxc6 Qxc6 8.
Bd3 b5 9. Qe2 Bb7 10. Bd2 Bc5 11. O-O-O Ne7 12. a3 O-O-O 13. Kb1 d5 14. exd5
Nxd5 15. Ne4 Be7 16. Ng5 Bxg5 17. fxg5 f5 18. Rc1 Qd6 19. Rhe1 g6 20. Qxe6+ Qxe6
21. Rxe6 Nc7 22. Re2 Rhe8 23. Rce1 Rxe2 24. Rxe2 Re8 25. Rxe8+ Nxe8 26. g3 Nd6
27. Bf4 Kd7 28. Kc1 Ne4 29. c4 Bc6 30. Kc2 Nc5 31. Bf1 Be4+ 32. Kc3 Kc6 33. Kd4
Na4 34. b3 Nc5 35. b4 Nd7 36. Bc1 Bf3 37. h4 Bh1 38. Bd3 Bf3 39. cxb5+ axb5 40.
Bc2 Bd5 41. a4 Nb6 42. a5 Nc4 43. h5 Bf3 44. h6 Bg4 45. Bd3 Bh3 46. Bf4 Bg4 47.
a6 1-0

[Event "Najdorf Mem Open A 2016"]
[Site "Warsaw POL"]
[Date "2016.07.13"]
[Round "6.32"]
[White "Raja, Harshit"]
[Black "Hracek, Zbynek"]
[Result "0-1"]
[BlackTitle "GM"]
[WhiteElo "2351"]
[BlackElo "2605"]
[WhiteFideId "5089000"]
[BlackFideId "300071"]
[EventDate "2016.07.08"]

1. e4 e5 2. Nf3 Nc6 3. Bb5 a6 4. Ba4 Nf6 5. O-O Be7 6. d3 d6 7. c4 O-O 8. h3 Nd4
9. Nxd4 exd4 10. f4 c5 11. Qf3 Rb8 12. Nd2 b5 13. Bc2 Bb7 14. Qg3 Re8 15. b4 Bf8
16. bxc5 dxc5 17. Bb3 Qa5 18. e5 Nd7 19. cxb5 axb5 20. Nf3 c4 21. dxc4 bxc4 22.
Bxc4 Qc3 23. Bxf7+ Kxf7 24. e6+ Rxe6 25. Ng5+ Ke7 26. Ba3+ Ke8 27. Qxc3 dxc3 28.
Bxf8 Re2 29. Rf2 Rxf2 30. Kxf2 Nxf8 31. Rc1 Rc8 32. g3 c2 33. Ke3 h6 34. Ne4
Bxe4 35. Kxe4 Rc3 36. g4 Ne6 37. h4 Ke7 38. f5 Nc5+ 39. Kd4 Na4 40. g5 h5 41.
Ke5 Rc4 42. Kd5 Nb6+ 43. Ke5 Kd7 44. f6 g6 45. a3 Rxh4 46. f7 Ke7 47. f8=Q+ Kxf8
48. Rxc2 Rc4 0-1

[Event "Najdorf Mem Open A 2016"]
[Site "Warsaw POL"]
[Date "2016.07.13"]
[Round "6.33"]
[White "Przedmojski, Rafal"]
[Black "Svane, Rasmus"]
[Result "0-1"]
[BlackTitle "IM"]
[WhiteElo "2337"]
[BlackElo "2549"]
[WhiteFideId "1102451"]
[BlackFideId "4657101"]
[EventDate "2016.07.08"]

1. d4 Nf6 2. c4 e6 3. g3 d5 4. Bg2 Bb4+ 5. Bd2 Be7 6. Nf3 O-O 7. O-O c6 8. Qc2
Nbd7 9. Bf4 b6 10. Rd1 Ba6 11. Ne5 Rc8 12. cxd5 Nxd5 13. Nc3 Nxe5 14. Bxe5 f6
15. Bf4 Nxf4 16. gxf4 f5 17. e3 Bb7 18. Qe2 Bd6 19. Kh1 Rf6 20. a3 Rh6 21. h3
Kh8 22. Rd2 Qh4 23. Rg1 Rg8 24. Bf1 Qe7 25. Rg3 Rh4 26. Bg2 h6 27. Rd1 g5 28.
fxg5 hxg5 29. e4 Bxg3 30. fxg3 Rh7 31. Re1 f4 32. g4 Rd8 33. Rd1 c5 34. dxc5
Rxd1+ 35. Qxd1 bxc5 36. Qa4 Qd7 37. Qa5 Qc7 38. Qb5 Qc6 39. Qc4 Rd7 40. Ne2 Rd1+
41. Kh2 Qd6 42. Qc3+ e5 43. Qb3 Rd2 44. Nc3 Qd3 0-1

[Event "Najdorf Mem Open A 2016"]
[Site "Warsaw POL"]
[Date "2016.07.13"]
[Round "6.34"]
[White "Bartel, Michal"]
[Black "Kanarek, Marcel"]
[Result "1-0"]
[WhiteTitle "FM"]
[BlackTitle "IM"]
[WhiteElo "2341"]
[BlackElo "2548"]
[WhiteFideId "1119257"]
[BlackFideId "1126822"]
[EventDate "2016.07.08"]

1. e4 c5 2. Nf3 d6 3. Bb5+ Nc6 4. O-O Bd7 5. c3 a6 6. Bc4 b5 7. Bb3 c4 8. Bc2
Ne5 9. Nxe5 dxe5 10. d4 cxd3 11. Qxd3 Nf6 12. a4 e6 13. Rd1 b4 14. Nd2 Bc6 15.
Qc4 Bb7 16. a5 Be7 17. Ba4+ Kf8 18. cxb4 Rc8 19. Qe2 Bxb4 20. Nc4 Qc7 21. Bg5 h6
22. Bxf6 gxf6 23. Nb6 Rd8 24. Rxd8+ Qxd8 25. Rd1 Qc7 26. Nd7+ Ke7 27. Qf3 f5 28.
Qg3 Bc6 29. Nxe5 Rd8 30. Ng6+ 1-0

[Event "Najdorf Mem Open A 2016"]
[Site "Warsaw POL"]
[Date "2016.07.13"]
[Round "6.35"]
[White "Nakar, Eylon"]
[Black "Warakomska, Anna"]
[Result "1-0"]
[WhiteTitle "IM"]
[BlackTitle "WIM"]
[WhiteElo "2494"]
[BlackElo "2321"]
[WhiteFideId "2811111"]
[BlackFideId "1130790"]
[EventDate "2016.07.08"]

1. e4 c5 2. Nf3 e6 3. d4 cxd4 4. Nxd4 Nc6 5. Nc3 Qc7 6. Be3 a6 7. Qf3 d6 8. Nxc6
bxc6 9. O-O-O Rb8 10. Qg3 Nf6 11. Be2 Be7 12. h4 Qb7 13. b3 Qb4 14. Bd2 Qc5 15.
h5 a5 16. Kb1 O-O 17. Bf4 Ne8 18. Bc1 e5 19. Bb2 Nc7 20. Na4 Qb4 21. f4 Bf6 22.
fxe5 dxe5 23. h6 Re8 24. hxg7 Bxg7 25. Rh5 Qxe4 26. Rg5 Ne6 27. Rxe5 Qg6 28. Qh2
Bb7 29. Bd3 Rbd8 30. Ree1 f5 31. Bxg7 Nxg7 32. Qc7 Rb8 33. Bc4+ Kh8 34. Bf7 Rec8
35. Rd8+ 1-0

[Event "Najdorf Mem Open A 2016"]
[Site "Warsaw POL"]
[Date "2016.07.13"]
[Round "6.36"]
[White "Martin, Julian"]
[Black "Puranik, Abhimanyu"]
[Result "1-0"]
[BlackTitle "IM"]
[WhiteElo "2280"]
[BlackElo "2475"]
[WhiteFideId "12941000"]
[BlackFideId "5061245"]
[EventDate "2016.07.08"]

1. e4 e6 2. d4 d5 3. Nd2 Nc6 4. Ngf3 Nf6 5. e5 Nd7 6. Nb3 Be7 7. c3 f6 8. Bf4
O-O 9. Bg3 f5 10. h4 a5 11. a4 b6 12. Nc1 Re8 13. Nd3 Nf8 14. Nf4 Qd7 15. Ng5
Nd8 16. Bh2 Ba6 17. Bxa6 Rxa6 18. Qd3 Ra7 19. Rg1 Bxg5 20. hxg5 g6 21. g4 fxg4
22. Ng2 Qe7 23. Ne3 Qxg5 24. Nxg4 Qe7 25. Nf6+ Kh8 26. Nxe8 Qxe8 27. Bg3 c5 28.
Bh4 Rc7 29. dxc5 Rxc5 30. Qa6 Nc6 31. Qxb6 Nd7 32. Bf6+ Kg8 33. Qb7 Ncxe5 34.
Bxe5 Nxe5 35. O-O-O Nc4 36. Rh1 h5 37. Rxh5 Nd6 38. Qh7+ Kf8 39. Qh8+ Ke7 40.
Rh7+ Nf7 41. Qg7 Rc7 42. Qxg6 Kd8 43. Re1 Re7 44. Rg7 Kc7 45. Qf6 Kd6 46. Qf4+
Kc6 47. Qf6 Kd6 48. Qd4 Rb7 49. Rg6 Nd8 50. Rh6 Qe7 51. f4 1-0

[Event "Najdorf Mem Open A 2016"]
[Site "Warsaw POL"]
[Date "2016.07.13"]
[Round "6.37"]
[White "Hacker, Jonas"]
[Black "Meskovs, Nikita"]
[Result "0-1"]
[WhiteTitle "FM"]
[BlackTitle "IM"]
[WhiteElo "2275"]
[BlackElo "2469"]
[WhiteFideId "1270968"]
[BlackFideId "11602740"]
[EventDate "2016.07.08"]

1. e4 c5 2. Nf3 e6 3. d4 cxd4 4. Nxd4 Nc6 5. Nc3 d6 6. Be3 a6 7. Bd3 Nf6 8. O-O
Be7 9. Kh1 e5 10. Nxc6 bxc6 11. Na4 Be6 12. c4 O-O 13. Bb6 Qb8 14. Ba5 Ra7 15.
Qc2 Bd8 16. Bc3 a5 17. b3 h6 18. Qe2 Nd7 19. Rad1 Nb6 20. Nxb6 Bxb6 21. Bc2 Rd7
22. Rd3 f5 23. exf5 Bxf5 24. Rg3 Bxc2 25. Qxc2 Qe8 26. Qd2 Qh5 27. Bxa5 Bxa5 28.
Qxa5 Rxf2 29. Rf3 Rxf1+ 30. Rxf1 Rf7 31. Qe1 Rxf1+ 32. Qxf1 e4 33. Qe1 Qe5 34.
a4 e3 35. Kg1 Qd4 36. g3 d5 37. cxd5 cxd5 38. a5 Qd2 39. Kf1 Qd3+ 40. Qe2 Qxb3
41. Qa6 Qd1+ 42. Kg2 Qc2+ 43. Kh3 Qf5+ 44. g4 Qf3+ 45. Kh4 e2 0-1

[Event "Najdorf Mem Open A 2016"]
[Site "Warsaw POL"]
[Date "2016.07.13"]
[Round "6.38"]
[White "Lauber, Arnd"]
[Black "Nebolsina, Vera"]
[Result "0-1"]
[WhiteTitle "IM"]
[BlackTitle "WGM"]
[WhiteElo "2444"]
[BlackElo "2226"]
[WhiteFideId "4632630"]
[BlackFideId "4163591"]
[EventDate "2016.07.08"]

1. d4 Nf6 2. c4 c5 3. d5 b5 4. cxb5 a6 5. b6 g6 6. Nc3 Bg7 7. a4 Qxb6 8. a5 Qb7
9. Nf3 O-O 10. e4 d6 11. Nd2 Ne8 12. Nc4 Nd7 13. Bg5 Nc7 14. Na4 f5 15. Be2 fxe4
16. O-O Nxd5 17. Nxd6 exd6 18. Bc4 Rf5 19. Be7 Kh8 20. g4 Ne5 21. Bxd5 Qxe7 22.
Ra3 Rf4 23. Bxa8 Bxg4 24. f3 Bxf3 25. Raxf3 Nxf3+ 26. Kh1 Rh4 27. Rf2 Qe5 28.
Qe2 Rg4 29. Rg2 Qxh2+ 0-1

[Event "Najdorf Mem Open A 2016"]
[Site "Warsaw POL"]
[Date "2016.07.13"]
[Round "6.39"]
[White "Yankelevich, Lev"]
[Black "Bus, Konrad"]
[Result "1-0"]
[WhiteElo "2415"]
[BlackElo "2216"]
[WhiteFideId "24684074"]
[BlackFideId "1148362"]
[EventDate "2016.07.08"]

1. d4 Nf6 2. c4 e6 3. Nc3 Bb4 4. Qc2 O-O 5. Nf3 c5 6. dxc5 Na6 7. g3 Nxc5 8. Bg2
b6 9. O-O Bb7 10. Nb5 Nce4 11. Ng5 d5 12. Rd1 Qc8 13. Bf4 Qxc4 14. Qxc4 dxc4 15.
Rd4 Nxg5 16. Bxb7 Nh3+ 17. Kf1 Rad8 18. Rxc4 Nxf4 19. Rxb4 N4d5 20. Rc4 a5 21.
a3 Rb8 22. Bc6 Rfd8 23. Rac1 g6 24. h3 h5 25. Ke1 Kg7 26. b3 Kf8 27. Rd1 Kg7 28.
e3 Kf8 29. Ke2 Kg7 30. f4 Ne7 31. Nd4 Nxc6 32. Rxc6 Ne4 33. Kf3 Nc5 34. Rc7 Kf8
35. Rc1 Rd6 36. b4 axb4 37. axb4 Na6 38. Ra7 b5 39. Nc6 Rxc6 40. Rxc6 Nxb4 41.
Rcc7 1-0

[Event "Najdorf Mem Open A 2016"]
[Site "Warsaw POL"]
[Date "2016.07.13"]
[Round "6.40"]
[White "Nowak, Lukasz2"]
[Black "Lindgren, Philip"]
[Result "1-0"]
[BlackTitle "IM"]
[WhiteElo "2263"]
[BlackElo "2411"]
[WhiteFideId "1166760"]
[BlackFideId "1713230"]
[EventDate "2016.07.08"]

1. e4 c5 2. Nf3 d6 3. d4 cxd4 4. Nxd4 Nf6 5. Nc3 a6 6. h3 e5 7. Nde2 h5 8. Bg5
Be6 9. Bxf6 Qxf6 10. Nd5 Qd8 11. Qd3 Nd7 12. Nec3 g6 13. O-O-O Nc5 14. Qg3 Bh6+
15. Kb1 O-O 16. f4 Bxd5 17. Nxd5 exf4 18. Nxf4 Bg7 19. e5 Bxe5 20. Bc4 g5 21.
Rhf1 Kh8 22. Qf3 gxf4 23. Qxh5+ Kg8 24. Qg6+ Bg7 25. Rxf4 d5 26. Rxd5 fxg6 27.
Rxd8+ 1-0

[Event "Najdorf Mem Open A 2016"]
[Site "Warsaw POL"]
[Date "2016.07.13"]
[Round "6.41"]
[White "Lomasov, Semen"]
[Black "Jaroch, Karol"]
[Result "1-0"]
[WhiteTitle "FM"]
[WhiteElo "2395"]
[BlackElo "2203"]
[WhiteFideId "24164879"]
[BlackFideId "1130609"]
[EventDate "2016.07.08"]

1. e4 e6 2. d4 d5 3. Nc3 Nf6 4. e5 Nfd7 5. Nce2 c5 6. c3 Nc6 7. f4 Be7 8. Nf3 f5
9. g3 b5 10. a3 c4 11. Be3 Nb6 12. h3 a5 13. g4 O-O 14. gxf5 exf5 15. h4 Be6 16.
Ng5 Qd7 17. Nxe6 Qxe6 18. Ng3 b4 19. Ke2 Qg6 20. Kf2 bxc3 21. bxc3 Rab8 22. h5
Qe6 23. Kf3 g5 24. hxg6 hxg6 25. Qc2 Qd7 26. Qh2 1-0

[Event "Najdorf Mem Open A 2016"]
[Site "Warsaw POL"]
[Date "2016.07.13"]
[Round "6.42"]
[White "Smieszek, Wojciech"]
[Black "Baskin, Robert"]
[Result "0-1"]
[BlackTitle "FM"]
[WhiteElo "2217"]
[BlackElo "2375"]
[WhiteFideId "1156047"]
[BlackFideId "24662402"]
[EventDate "2016.07.08"]

1. e4 e6 2. d4 d5 3. Nc3 Nf6 4. Bg5 dxe4 5. Nxe4 Be7 6. Bxf6 gxf6 7. Nf3 f5 8.
Nc3 a6 9. Qd2 Qd6 10. O-O-O b5 11. Bd3 Bb7 12. d5 Bxd5 13. Nxd5 Qxd5 14. Qc3 Rg8
15. Qxc7 Qc6 16. Qf4 Nd7 17. Kb1 O-O-O 18. Nd4 Qd6 19. Qe3 Bg5 20. Qf3 Qxd4 21.
Qc6+ Kb8 22. Bxb5 Qe5 23. Qxa6 Nc5 24. Qb6+ Nb7 25. Bc6 Qc7 26. Qa6 Rxd1+ 27.
Rxd1 Rc8 28. Rd6 Bf4 29. Rd4 Qxc6 30. Qxc6 Rxc6 31. Rxf4 f6 32. c3 Rd6 33. Kc2
Nc5 34. Rh4 Ne4 35. f3 Ng5 36. Rh6 e5 37. h4 Ne6 38. Kc1 Nf4 39. Rxh7 Nxg2 40.
h5 e4 41. f4 Re6 42. Rg7 e3 43. Rxg2 e2 0-1

[Event "Najdorf Mem Open A 2016"]
[Site "Warsaw POL"]
[Date "2016.07.13"]
[Round "6.43"]
[White "Sieciechowicz, Marcin"]
[Black "Harazinska, Ewa"]
[Result "1/2-1/2"]
[WhiteTitle "IM"]
[BlackTitle "WFM"]
[WhiteElo "2430"]
[BlackElo "2279"]
[WhiteFideId "1130170"]
[BlackFideId "1118374"]
[EventDate "2016.07.08"]

1. d4 Nf6 2. c4 e6 3. Nf3 d5 4. Nc3 c5 5. cxd5 Nxd5 6. e4 Nxc3 7. bxc3 cxd4 8.
cxd4 Bb4+ 9. Bd2 Bxd2+ 10. Qxd2 O-O 11. Bc4 Nd7 12. O-O b6 13. Rac1 Bb7 14. Bd3
Nf6 15. e5 Bxf3 16. exf6 Bb7 17. fxg7 Kxg7 18. Qe3 Qf6 19. Bb1 Rac8 20. Qh3 Qh6
21. Qg3+ Kh8 22. Rc7 Bd5 23. Rxa7 Bxg2 24. Kxg2 Rg8 25. Rxf7 Rxg3+ 26. hxg3 Qg5
27. Rxh7+ Kg8 28. Rfh1 Qd5+ 29. f3 Qxd4 30. R1h4 Qb2+ 31. Kh3 Rc1 32. Rg4+ Kf8
33. Rf4+ Kg8 34. Rg4+ 1/2-1/2

[Event "Najdorf Mem Open A 2016"]
[Site "Warsaw POL"]
[Date "2016.07.13"]
[Round "6.44"]
[White "Piscopo, Pierluigi"]
[Black "Thorarinsson, Pall A."]
[Result "1/2-1/2"]
[WhiteTitle "IM"]
[WhiteElo "2429"]
[BlackElo "2274"]
[WhiteFideId "809152"]
[BlackFideId "2300923"]
[EventDate "2016.07.08"]

1. e4 c6 2. d4 d5 3. exd5 cxd5 4. c4 Nf6 5. Nc3 g6 6. cxd5 Bg7 7. Bb5+ Bd7 8.
Bc4 O-O 9. Nf3 Bf5 10. O-O Nbd7 11. Bg5 Nb6 12. Bxf6 Bxf6 13. Bb3 Bg4 14. Re1
Bxf3 15. Qxf3 Bxd4 16. Rad1 Bxc3 17. Qxc3 Qd6 18. Rd4 Rac8 19. Qe3 Rc7 20. h3
Rd8 21. Re4 Nxd5 22. Qxa7 e6 23. Qd4 Qf8 24. Qe5 Rcd7 25. Rd1 Qg7 26. Qxg7+ Kxg7
27. Red4 Rd6 28. Kf1 Ra8 29. Bxd5 exd5 30. a3 Ra5 31. Ke2 Kf6 32. R1d3 Rc5 33.
b4 Rc2+ 34. Rd2 Rxd2+ 35. Rxd2 1/2-1/2

[Event "Najdorf Mem Open A 2016"]
[Site "Warsaw POL"]
[Date "2016.07.13"]
[Round "6.45"]
[White "Johansson, Linus"]
[Black "Andre, Gordon"]
[Result "1-0"]
[WhiteTitle "IM"]
[WhiteElo "2425"]
[BlackElo "2254"]
[WhiteFideId "1711113"]
[BlackFideId "4655354"]
[EventDate "2016.07.08"]

1. e4 c5 2. Nf3 e6 3. c4 Nc6 4. Nc3 Nf6 5. Be2 Qb6 6. O-O d6 7. Re1 Be7 8. Bf1
O-O 9. b3 Bd7 10. d3 a6 11. Bb2 Rad8 12. Qd2 Qa7 13. h3 h6 14. Rad1 Nh7 15. Ne2
e5 16. Nc3 Ng5 17. Nh2 Ne6 18. Nd5 Bg5 19. Qc2 Ned4 20. Qb1 f5 21. exf5 Bxf5 22.
Bc1 Bxc1 23. Qxc1 b5 24. Re3 Qf7 25. Rd2 b4 26. g3 a5 27. Bg2 Qa7 28. Nf3 Nxf3+
29. Rxf3 Nd4 30. Re3 Kh8 31. f4 exf4 32. Nxf4 g5 33. Ne2 Qg7 34. Kh2 Rde8 35.
Rxe8 Rxe8 36. Nxd4 Qxd4 37. Qf1 Bg6 38. Rf2 Kg7 39. Bd5 Re7 40. Rf8 Qe5 41. Be4
h5 42. Bxg6 Qe2+ 43. Kg1 Qxf1+ 44. Rxf1 Kxg6 45. Kf2 a4 46. bxa4 Kf7 47. a3 b3
48. Rb1 Rb7 49. a5 b2 50. a6 Rb6 51. a7 Ra6 52. Rxb2 Rxa7 53. Ra2 Ra4 54. Ke3
Ke6 55. Kd2 h4 56. gxh4 gxh4 57. Kc3 Ke5 58. Kb3 Ra8 59. Rg2 Kd4 60. Kc2 Rxa3
61. Rg4+ Ke3 62. Re4+ Kf3 63. Rxh4 Ra6 64. Re4 Ra2+ 65. Kb3 Ra8 66. Re6 Rd8 67.
Ka4 Kf4 68. Kb5 Kf5 69. Re1 Rc8 70. Kb6 Rh8 71. Re3 Rh4 72. Kc6 Rd4 73. h4 Kf6
74. h5 Kg5 75. h6 Kxh6 76. Re6+ 1-0

[Event "Najdorf Mem Open A 2016"]
[Site "Warsaw POL"]
[Date "2016.07.13"]
[Round "6.46"]
[White "De Marchi, Olivier"]
[Black "Arat, Ufuk Sezen"]
[Result "1/2-1/2"]
[WhiteTitle "FM"]
[BlackTitle "IM"]
[WhiteElo "2286"]
[BlackElo "2402"]
[WhiteFideId "613517"]
[BlackFideId "6309089"]
[EventDate "2016.07.08"]

1. d4 Nf6 2. c4 c5 3. d5 e6 4. Nc3 exd5 5. cxd5 d6 6. g3 g6 7. Bg2 Bg7 8. Nf3
O-O 9. O-O a6 10. a4 Re8 11. Bf4 h6 12. a5 g5 13. Bd2 Nbd7 14. Qc2 b5 15. axb6
Nxb6 16. e4 Bg4 17. Rfe1 Nfd7 18. Nd1 Bh5 19. Bc3 Bg6 20. Bxg7 Kxg7 21. Nc3 Qf6
22. Qe2 Bh5 23. h3 Bxf3 24. Qxf3 Qxf3 25. Bxf3 c4 26. Na4 Rab8 27. Rec1 Ne5 28.
Be2 Nxa4 29. Rxa4 Rxb2 30. Kf1 Rc8 31. Rxa6 c3 32. Rxd6 c2 33. Ke1 Rb4 34. f3
Rb3 35. Kd2 Nxf3+ 36. Bxf3 Rxf3 37. Rc6 Re8 38. Rc3 Rxc3 39. Kxc3 Rxe4 40. Rxc2
Re3+ 41. Kd4 Rxg3 42. d6 Rg1 43. Rd2 Kf8 44. Re2 Rd1+ 45. Ke5 Kg7 46. Ra2 h5 47.
Ra5 Kg6 48. Rd5 Re1+ 49. Kd4 Re8 50. d7 Rd8 51. Ke5 g4 52. hxg4 hxg4 53. Kf4 Kf6
54. Kxg4 Ke6 55. Rd1 Rxd7 56. Rxd7 Kxd7 57. Kf5 Ke8 58. Kf6 Kf8 59. Kf5 1/2-1/2

[Event "Najdorf Mem Open A 2016"]
[Site "Warsaw POL"]
[Date "2016.07.13"]
[Round "6.47"]
[White "Stoma, Pawel"]
[Black "Paszewski, Mateusz"]
[Result "1/2-1/2"]
[WhiteElo "2365"]
[BlackElo "2270"]
[WhiteFideId "1113569"]
[BlackFideId "1141058"]
[EventDate "2016.07.08"]

1. d4 d5 2. Nf3 Nf6 3. Bf4 c5 4. c3 Qb6 5. Qb3 Nc6 6. e3 c4 7. Qc2 Bf5 8. Qc1 e6
9. h3 Be7 10. Be2 h6 11. O-O O-O 12. Nbd2 Qd8 13. Bd1 b5 14. Bc2 Bd6 15. Re1
Bxc2 16. Qxc2 b4 17. Bxd6 Qxd6 18. e4 Qc7 19. exd5 exd5 20. b3 cxb3 21. axb3
bxc3 22. Qxc3 Qb6 23. Ra4 Rfc8 24. Qd3 Nb4 25. Qf5 g6 26. Qb1 Re8 27. Rxe8+ Rxe8
28. Qa1 Re7 29. Nf1 Rc7 30. Ne5 Nc2 31. Qb2 Ne4 32. Nc4 dxc4 33. Qxc2 cxb3 34.
Qxe4 b2 35. Nd2 Rc1+ 36. Kh2 b1=Q 37. Nxb1 Rxb1 38. Qe8+ Kg7 39. Qe5+ Kg8 40.
Qe8+ Kg7 41. Qe5+ Kg8 42. f4 Rc1 43. Qe8+ Kg7 44. Qe5+ Kg8 45. Ra3 Rc8 46. d5
Rd8 47. Kg3 Qc5 48. Rd3 Qd6 49. Kf3 a5 50. Qxd6 Rxd6 51. Ke4 Kf8 52. Kd4 Ra6 53.
Kc5 Ke7 1/2-1/2

[Event "Najdorf Mem Open A 2016"]
[Site "Warsaw POL"]
[Date "2016.07.13"]
[Round "6.48"]
[White "Kenneskog, Theodor"]
[Black "Skawinski, Arkadiusz"]
[Result "1-0"]
[WhiteTitle "FM"]
[BlackTitle "FM"]
[WhiteElo "2249"]
[BlackElo "2355"]
[WhiteFideId "1715011"]
[BlackFideId "1126415"]
[EventDate "2016.07.08"]

1. d4 d5 2. c4 e6 3. Nc3 c6 4. Nf3 dxc4 5. e3 b5 6. a4 Bb4 7. Bd2 a5 8. axb5
Bxc3 9. Bxc3 cxb5 10. b3 Bb7 11. bxc4 b4 12. Bb2 Nf6 13. Bd3 Nbd7 14. O-O O-O
15. Nd2 Qc7 16. Bc2 e5 17. Ba4 Nb6 18. Bb5 Rfd8 19. Qe2 Bc6 20. dxe5 Nfd7 21. e6
fxe6 22. Qg4 Nc5 23. Bxc6 Rxd2 24. Bxa8 Rxb2 25. Rxa5 Nbd7 26. Rb5 Ra2 27. Bf3
b3 28. Qd4 Ra6 29. Rd1 Kf7 30. h3 Rb6 31. Bh5+ g6 32. Bf3 Rb8 33. h4 h5 34. Rxb8
Nxb8 35. Qh8 Qb6 36. Rd8 Nbd7 37. Be4 Ke7 38. Re8+ Kd6 39. Qd4+ Kc7 40. Bb1 Qb4
41. Kh2 b2 42. Ra8 e5 43. Qd5 1-0